000 00508cam a2200193ua 4500
001 6645
008 140308n ii |||gr||||Z||||||asm
020 _a81-272-2801-X
040 _cMAIN
082 _a658
245 _aByabasay parichalonar niti
_cBy Manik chandra Barman
250 _a1st ed.
260 _aLudhiana:
_bKalyani publishers,
_c2006.
300 _axiv,491p.
653 _aGeneral management
653 _aByabasay parichalonar niti
700 _aBarman,Manik chandra,
_eAuthor.
942 _cBK
999 _c5794
_d5794